| 000 | 00561nam a2200229Ia 4500 | ||
|---|---|---|---|
| 008 | 210210b1998 xxu||||| |||| 00| 0 eng d | ||
| 020 | _a81 7544 010 4 | ||
| 082 | _a657.42 BHAP | ||
| 100 | _aBHATTACHARYYA (Asish K) | ||
| 245 | _aPrinciples and practice of Cost accounting. | ||
| 250 | _a | ||
| 260 |
_aNew Delhi. _bWheeler Publishing., _c1998 |
||
| 300 | _axxiv,1373 | ||
| 650 | _aPrinciples | ||
| 650 | _apractice | ||
| 650 | _aof | ||
| 650 | _aCost | ||
| 650 | _aand | ||
| 650 | _aaccounting. | ||
| 690 | _aCost Accounting | ||
| 906 | _a055929 | ||
| 999 |
_c103429 _d103429 |
||